[Event "St Petersburg-ch"]
[Site "St Petersburg"]
[Date "1995.??.??"]
[Round "12"]
[White "Nepomnishay, Mikhail I"]
[Black "Svidler, Peter"]
[Result "1/2-1/2"]
[WhiteElo "2410"]
[BlackElo "2585"]
[PlyCount "137"]
[EventDate "1995.04.??"]
[EventType "tourn"]
[EventRounds "12"]
[EventCountry "RUS"]
[EventCategory "9"]
[SourceTitle "CBM 047"]
[Source "ChessBase"]
[SourceDate "1995.08.01"]
[SourceVersion "1"]
[SourceVersionDate "1995.08.01"]
[SourceQuality "1"]

1. d4 d6 2. Nf3 Bg4 3. e4 Nf6 4. Nc3 e6 5. h3 Bh5 6. Qe2 c6 7. g4 Bg6 8. h4 h5
9. g5 Nfd7 10. Bh3 Be7 11. Be3 d5 12. Nd2 Bb4 13. O-O O-O 14. f4 Bxc3 15. bxc3
dxe4 16. f5 exf5 17. Bxf5 Re8 18. Bxg6 fxg6 19. Rf4 Nf8 20. Raf1 Nbd7 21. c4
Ne6 22. Rxe4 Nb6 23. Qd3 Qd7 24. Nf3 Nf8 25. Ne5 Qe6 26. Rff4 Nfd7 27. Nxd7
Qxd7 28. Rxe8+ Rxe8 29. d5 Nc8 30. Re4 Rf8 31. Re6 Qf7 32. Bc5 Rd8 33. Qe4 b6
34. Ba3 c5 35. Qxg6 Qxg6 36. Rxg6 Rd6 37. Re6 Rxe6 38. dxe6 Nd6 39. Bb2 Nf5 40.
Be5 Kf8 41. Kf2 Ke7 42. Bb8 a6 43. Ba7 Kxe6 44. Kf3 Nxh4+ 45. Ke4 g6 46. Bxb6
Kd6 47. Ba7 Nf5 48. Bb8+ Kc6 49. Bf4 h4 50. a4 h3 51. a5 Nd6+ 52. Ke5 Nxc4+ 53.
Kf6 Kd5 54. Kxg6 Ke4 55. Bh2 Ne5+ 56. Kh5 Kf5 57. Kh4 Nf3+ 58. Kxh3 Kxg5 59.
Bd6 c4 60. Kg3 Nd4 61. Kf2 Nxc2 62. Ke2 Kf5 63. Kd2 Ke6 64. Bg3 Na1 65. Kc3 Kd5
66. Bf2 Nb3 67. Bb6 Nc5 68. Kb4 Ne4 69. Be3 1/2-1/2

[Event "New York op"]
[Site "Newark"]
[Date "1995.??.??"]
[Round "?"]
[White "Schwartzman, Gabriel"]
[Black "Svidler, Peter"]
[Result "1/2-1/2"]
[WhiteElo "2495"]
[BlackElo "2585"]
[PlyCount "97"]
[EventDate "1995.04.12"]
[EventType "swiss"]
[EventRounds "9"]
[EventCountry "USA"]
[SourceTitle "EXT 2002"]
[Source "ChessBase"]
[SourceDate "2001.11.25"]
[SourceVersion "1"]
[SourceVersionDate "2001.11.25"]
[SourceQuality "1"]

1. c4 e5 2. Nc3 f5 3. d4 exd4 4. Qxd4 Nf6 5. g3 Nc6 6. Qe3+ Be7 7. Bg2 O-O 8.
Nh3 d6 9. O-O Ne5 10. b3 c6 11. Bb2 Be6 12. Rad1 Bf7 13. Qc1 Qc8 14. Ng5 Bg6
15. Ba3 h6 16. Nh3 Qc7 17. Nf4 Bf7 18. Qc2 g5 19. Nd3 Bg6 20. e4 Bh5 21. Rde1
f4 22. gxf4 Nxd3 23. Qxd3 gxf4 24. Bc1 Ne8 25. Bf3 Bxf3 26. Qxf3 Bf6 27. Kh1
Be5 28. Rg1+ Kh7 29. Ne2 Ng7 30. Qg4 f3 31. Ng3 Rf6 32. Nf5 Nxf5 33. exf5 Qf7
34. Qh4 h5 35. Rg5 Rxf5 36. Reg1 Re8 37. Rxf5 Qxf5 38. Rg5 Qf7 39. Rxh5+ Kg8
40. Bd2 Bg7 41. Rg5 Qf6 42. Qg4 Re2 43. Qc8+ Qf8 44. Rxg7+ Kxg7 45. Qg4+ Kh7
46. Bc3 Re7 47. Qh4+ Kg8 48. Qg5+ Kf7 49. Qf5+ 1/2-1/2

[Event "New York op"]
[Site "Newark"]
[Date "1995.??.??"]
[Round "2"]
[White "Svidler, Peter"]
[Black "Manion, Josh"]
[Result "1-0"]
[WhiteElo "2585"]
[BlackElo "2335"]
[PlyCount "91"]
[EventDate "1995.04.12"]
[EventType "swiss"]
[EventRounds "9"]
[EventCountry "USA"]
[SourceTitle "CBM 047 Extra"]
[Source "ChessBase"]
[SourceDate "1995.09.01"]
[SourceVersion "1"]
[SourceVersionDate "1995.09.01"]
[SourceQuality "1"]

1. e4 g6 2. d4 Bg7 3. Nf3 d6 4. Nc3 a6 5. a4 Bg4 6. Be3 Nc6 7. Be2 e5 8. d5
Nce7 9. h3 Bd7 10. g4 c6 11. a5 cxd5 12. exd5 Nf6 13. Bc4 O-O 14. Nd2 Bb5 15.
Bb3 Rc8 16. Qf3 e4 17. Ndxe4 Nxe4 18. Nxe4 f5 19. Ng5 fxg4 20. Qe4 g3 21. Ne6
Qe8 22. O-O-O Nf5 23. Bb6 Qe7 24. Rhe1 Rfe8 25. Qf3 gxf2 26. Bxf2 Bh8 27. Re4
Qf6 28. c3 Re7 29. Kb1 Rf7 30. Rf4 Re8 31. Bc2 Rxe6 32. dxe6 Qxe6 33. Bxf5 gxf5
34. Bd4 Be5 35. Bxe5 dxe5 36. Qe3 Bc6 37. Rff1 f4 38. Rd8+ Kg7 39. Rg1+ Kh6 40.
Qf2 Qf5+ 41. Ka1 Kh5 42. Rg4 Qf6 43. Rd6 Qe7 44. Re6 Qd8 45. Rxe5+ Kh6 46. Re6+
1-0

[Event "New York op"]
[Site "Newark"]
[Date "1995.??.??"]
[Round "3"]
[White "Svidler, Peter"]
[Black "Maldonado, Oscar"]
[Result "1-0"]
[WhiteElo "2585"]
[BlackElo "2250"]
[PlyCount "89"]
[EventDate "1995.04.12"]
[EventType "swiss"]
[EventRounds "9"]
[EventCountry "USA"]
[SourceTitle "EXT 2002"]
[Source "ChessBase"]
[SourceDate "2001.11.25"]
[SourceVersion "1"]
[SourceVersionDate "2001.11.25"]
[SourceQuality "1"]

1. e4 c5 2. Nf3 d6 3. d4 cxd4 4. Nxd4 Nf6 5. Nc3 Nc6 6. Bg5 Bd7 7. f4 Qb6 8.
Nb3 e6 9. Qd2 Be7 10. O-O-O a6 11. e5 Ng4 12. Bxe7 Nxe7 13. Ne4 Nf5 14. Nxd6+
Nxd6 15. Qxd6 Bc6 16. Qd4 Qxd4 17. Rxd4 O-O 18. Na5 Bd5 19. c4 Rac8 20. Kd2 Be4
21. Rxe4 Nf2 22. Re1 Nxh1 23. Ke3 b6 24. Nb3 f6 25. exf6 Rxf6 26. Be2 e5 27. f5
g6 28. Rxh1 gxf5 29. Nd2 Rd8 30. Nf3 Re8 31. g3 Rd6 32. b4 Rg6 33. Rc1 f4+ 34.
gxf4 exf4+ 35. Kf2 Rge6 36. Rc2 Kg7 37. c5 b5 38. Nd4 Re5 39. Bf3 Rc8 40. Bg4
Rc7 41. Ne6+ Rxe6 42. Bxe6 Kf6 43. Bd5 Ke5 44. Bf3 Kd4 45. c6 1-0

[Event "New York op"]
[Site "Newark"]
[Date "1995.??.??"]
[Round "5"]
[White "Svidler, Peter"]
[Black "Gabriel, Christian"]
[Result "1/2-1/2"]
[WhiteElo "2585"]
[BlackElo "2535"]
[PlyCount "39"]
[EventDate "1995.04.12"]
[EventType "swiss"]
[EventRounds "9"]
[EventCountry "USA"]
[SourceTitle "CBM 047 Extra"]
[Source "ChessBase"]
[SourceDate "1995.09.01"]
[SourceVersion "1"]
[SourceVersionDate "1995.09.01"]
[SourceQuality "1"]

1. e4 e5 2. Nf3 Nc6 3. d4 exd4 4. Nxd4 Nf6 5. Nxc6 bxc6 6. e5 Ne4 7. Qf3 Ng5 8.
Qg3 Ne6 9. Bd3 d6 10. O-O g6 11. Nc3 dxe5 12. Qxe5 Bg7 13. Qe4 O-O 14. Be3 Rb8
15. Rab1 c5 16. Qa4 Rb4 17. Qxa7 Bb7 18. a3 Qh4 19. axb4 Bxg2 20. Kxg2 1/2-1/2

[Event "New York op"]
[Site "Newark"]
[Date "1995.??.??"]
[Round "9"]
[White "Svidler, Peter"]
[Black "Yedidia, Jonathan"]
[Result "1-0"]
[WhiteElo "2585"]
[BlackElo "2390"]
[PlyCount "43"]
[EventDate "1995.04.12"]
[EventType "swiss"]
[EventRounds "9"]
[EventCountry "USA"]
[SourceTitle "CBM 047 Extra"]
[Source "ChessBase"]
[SourceDate "1995.09.01"]
[SourceVersion "1"]
[SourceVersionDate "1995.09.01"]
[SourceQuality "1"]

1. e4 d5 2. exd5 Nf6 3. d4 Nxd5 4. Nf3 g6 5. c4 Nb6 6. Nc3 Bg7 7. c5 Nd5 8. Bc4
c6 9. Qb3 O-O 10. O-O Nxc3 11. bxc3 b5 12. cxb6 axb6 13. Re1 b5 14. Bd3 Be6 15.
Rxe6 fxe6 16. Qxe6+ Kh8 17. Ng5 Bxd4 18. cxd4 Qxd4 19. Qe2 Qd6 20. Bb2+ Kg8 21.
Bc2 Rd8 22. Rd1 1-0

[Event "Novgorod op"]
[Site "Novgorod"]
[Date "1995.??.??"]
[Round "1"]
[White "Svidler, Peter"]
[Black "Dmitriev, Igor"]
[Result "1-0"]
[WhiteElo "2585"]
[BlackElo "2435"]
[PlyCount "95"]
[EventDate "1995.05.??"]
[EventType "swiss"]
[EventRounds "9"]
[EventCountry "RUS"]
[SourceTitle "EXT 2000"]
[Source "ChessBase"]
[SourceDate "1999.11.16"]
[SourceVersion "1"]
[SourceVersionDate "1999.11.16"]
[SourceQuality "1"]

1. e4 c6 2. d4 d5 3. Nd2 g6 4. Ngf3 Nd7 5. Bd3 e6 6. O-O Ne7 7. h3 Bg7 8. Re1
O-O 9. c3 c5 10. exd5 Nxd5 11. Nb3 Qc7 12. dxc5 Nxc5 13. Nxc5 Qxc5 14. Qb3 Qc7
15. c4 Nf6 16. Be3 e5 17. Bd2 Nd7 18. Qa3 Nc5 19. Bc2 Bd7 20. Bc3 f6 21. Rad1
Rfc8 22. b4 Ne6 23. Be4 Bc6 24. c5 Bxe4 25. Rxe4 Qf7 26. Qb3 Rd8 27. Rc1 Bh6
28. Rce1 Nf4 29. Qc2 Nd3 30. R1e2 Nc1 31. R2e3 Bxe3 32. Rxe3 Nxa2 33. Be1 Qd5
34. Qb2 b6 35. Ra3 Nxb4 36. Bxb4 bxc5 37. Be1 Rab8 38. Qc2 Rb7 39. Nd2 Rdb8 40.
Rd3 Qc6 41. Kh2 Kg7 42. Ne4 Rb2 43. Qc4 Rf8 44. Rd6 Qc8 45. Nxc5 Kh8 46. Rd7
Rd8 47. Rxa7 Rf8 48. Qc1 1-0

[Event "Novgorod op"]
[Site "Novgorod"]
[Date "1995.??.??"]
[Round "2"]
[White "Volkov, Sergey"]
[Black "Svidler, Peter"]
[Result "0-1"]
[WhiteElo "2380"]
[BlackElo "2585"]
[PlyCount "112"]
[EventDate "1995.05.??"]
[EventType "swiss"]
[EventRounds "9"]
[EventCountry "RUS"]
[SourceTitle "EXT 2000"]
[Source "ChessBase"]
[SourceDate "1999.11.16"]
[SourceVersion "1"]
[SourceVersionDate "1999.11.16"]
[SourceQuality "1"]

1. d4 d6 2. c4 e5 3. Nf3 e4 4. Ng5 f5 5. Nh3 Nf6 6. Bg5 Be7 7. e3 O-O 8. Nf4 c6
9. Nc3 Na6 10. h4 Nc7 11. d5 Nd7 12. Rh3 Ne5 13. c5 Ne8 14. Qb3 Kh8 15. O-O-O
Qc7 16. Be2 Nf6 17. h5 h6 18. Ng6+ Nxg6 19. hxg6 cxd5 20. cxd6 Qxd6 21. Nb5 Qb6
22. Bf4 Be6 23. Nc7 Qxb3 24. axb3 Rac8 25. Kb1 Bg8 26. Nb5 Bc5 27. Nd6 Bxd6 28.
Bxd6 Rfe8 29. Bb4 d4 30. Rxd4 Bxb3 31. Bc3 Nd5 32. Bd2 Red8 33. g4 fxg4 34.
Bxg4 Rc6 35. Bf5 Bc2+ 36. Kc1 Rf8 37. Rxd5 Bb3+ 38. Bc3 Bxd5 39. Rxh6+ Kg8 40.
Rh5 Rd8 41. Rh1 Rf8 42. Rh5 Rd8 43. Rh1 b5 44. Rd1 b4 45. Bxe4 bxc3 46. Bxd5+
Kf8 47. b3 Rxg6 48. f4 Rg3 49. e4 Ke7 50. Rh1 Rd6 51. Kc2 Rh6 52. Rxh6 gxh6 53.
e5 Re3 54. b4 h5 55. b5 h4 56. Kb3 Re1 0-1

[Event "Novgorod op"]
[Site "Novgorod"]
[Date "1995.??.??"]
[Round "5"]
[White "Svidler, Peter"]
[Black "Smagin, Sergey"]
[Result "1/2-1/2"]
[WhiteElo "2585"]
[BlackElo "2540"]
[PlyCount "49"]
[EventDate "1995.05.??"]
[EventType "swiss"]
[EventRounds "9"]
[EventCountry "RUS"]
[SourceTitle "EXT 2000"]
[Source "ChessBase"]
[SourceDate "1999.11.16"]
[SourceVersion "1"]
[SourceVersionDate "1999.11.16"]
[SourceQuality "1"]

1. e4 e5 2. Nf3 Nc6 3. d4 exd4 4. Nxd4 Nf6 5. Nxc6 bxc6 6. e5 Qe7 7. Qe2 Nd5 8.
Nd2 Qe6 9. Nf3 a5 10. Qe4 Qg6 11. Qxg6 hxg6 12. Bd3 Bb4+ 13. c3 Bc5 14. c4 Nb6
15. O-O O-O 16. b3 d5 17. cxd5 cxd5 18. Be3 Bxe3 19. fxe3 c5 20. Rfc1 a4 21.
Rab1 axb3 22. axb3 Ra5 23. b4 cxb4 24. Rxb4 Nc4 25. Bxc4 1/2-1/2

[Event "Novgorod op"]
[Site "Novgorod"]
[Date "1995.??.??"]
[Round "6"]
[White "Serper, Grigory"]
[Black "Svidler, Peter"]
[Result "1/2-1/2"]
[WhiteElo "2585"]
[BlackElo "2585"]
[PlyCount "27"]
[EventDate "1995.05.??"]
[EventType "swiss"]
[EventRounds "9"]
[EventCountry "RUS"]
[SourceTitle "EXT 2000"]
[Source "ChessBase"]
[SourceDate "1999.11.16"]
[SourceVersion "1"]
[SourceVersionDate "1999.11.16"]
[SourceQuality "1"]

1. c4 g6 2. e4 Bg7 3. d4 Nc6 4. Nf3 d6 5. d5 Ne5 6. Nxe5 Bxe5 7. Be2 Bg7 8. O-O
Nf6 9. Nc3 O-O 10. Be3 e6 11. Qd2 exd5 12. cxd5 Re8 13. f3 c6 14. dxc6 1/2-1/2

[Event "Novgorod op"]
[Site "Novgorod"]
[Date "1995.??.??"]
[Round "7"]
[White "Svidler, Peter"]
[Black "Vyzmanavin, Alexey"]
[Result "1/2-1/2"]
[WhiteElo "2585"]
[BlackElo "2605"]
[PlyCount "134"]
[EventDate "1995.05.??"]
[EventType "swiss"]
[EventRounds "9"]
[EventCountry "RUS"]
[SourceTitle "EXT 2000"]
[Source "ChessBase"]
[SourceDate "1999.11.16"]
[SourceVersion "1"]
[SourceVersionDate "1999.11.16"]
[SourceQuality "1"]

1. e4 c6 2. d4 d5 3. Nd2 dxe4 4. Nxe4 Nd7 5. Ng5 Ngf6 6. Bd3 e6 7. N1f3 Bd6 8.
Qe2 h6 9. Ne4 Nxe4 10. Qxe4 Nf6 11. Qe2 b6 12. Bd2 Bb7 13. O-O-O Qc7 14. Kb1
O-O-O 15. c4 c5 16. Bc3 Rhg8 17. Rhe1 Kb8 18. Bc2 cxd4 19. Nxd4 a6 20. g3 Ka7
21. f4 Rc8 22. Nf3 Rgd8 23. Ne5 Ne8 24. h3 a5 25. b3 Bc5 26. Bb2 g6 27. g4 g5
28. fxg5 hxg5 29. Nf3 Qe7 30. Be4 f6 31. Nd4 Bxd4 32. Bxd4 e5 33. Bf5 Rc6 34.
Bf2 Ng7 35. Rxd8 Qxd8 36. Be4 Rd6 37. Bxb7 Kxb7 38. c5 Rd2 39. Qf3+ Qd5 40.
Qxd5+ Rxd5 41. cxb6 Ne6 42. h4 gxh4 43. Bxh4 Ng5 44. Bf2 Rd2 45. Be3 Rg2 46.
Bxg5 fxg5 47. Rxe5 Rxg4 48. Rxa5 Kxb6 49. Rf5 Rg2 50. a4 Kc6 51. Kc1 Kd6 52. a5
g4 53. Rg5 g3 54. b4 Kc7 55. Rg6 Kb8 56. Kb1 Rf2 57. Rxg3 Rf4 58. Rb3 Kb7 59.
b5 Ra4 60. a6+ Kb6 61. Kb2 Rc4 62. Rh3 Rb4+ 63. Rb3 Rc4 64. Ra3 Rc8 65. Rc3 Rh8
66. Rb3 Rh2+ 67. Ka3 Rh4 1/2-1/2

[Event "Novgorod op"]
[Site "Novgorod"]
[Date "1995.??.??"]
[Round "9"]
[White "Svidler, Peter"]
[Black "Korneev, Oleg"]
[Result "1/2-1/2"]
[WhiteElo "2585"]
[BlackElo "2540"]
[PlyCount "24"]
[EventDate "1995.05.??"]
[EventType "swiss"]
[EventRounds "9"]
[EventCountry "RUS"]
[SourceTitle "EXT 2000"]
[Source "ChessBase"]
[SourceDate "1999.11.16"]
[SourceVersion "1"]
[SourceVersionDate "1999.11.16"]
[SourceQuality "1"]

1. e4 e5 2. Nf3 Nc6 3. d4 exd4 4. Nxd4 Nf6 5. Nxc6 bxc6 6. e5 Qe7 7. Qe2 Nd5 8.
Nd2 Bb7 9. b3 a5 10. Bb2 a4 11. Qe4 a3 12. Bd4 O-O-O 1/2-1/2

[Event "World op 23rd"]
[Site "Philadelphia"]
[Date "1995.??.??"]
[Round "2"]
[White "Svidler, Peter"]
[Black "Weeramantry, Sunil"]
[Result "1-0"]
[WhiteElo "2635"]
[BlackElo "2300"]
[PlyCount "65"]
[EventDate "1995.06.??"]
[EventType "swiss"]
[EventRounds "9"]
[EventCountry "USA"]
[SourceTitle "EXT 2000"]
[Source "ChessBase"]
[SourceDate "1999.11.16"]
[SourceVersion "1"]
[SourceVersionDate "1999.11.16"]
[SourceQuality "1"]

1. e4 d6 2. d4 Nf6 3. Nc3 g6 4. Bg5 Nbd7 5. f4 h6 6. Bh4 c5 7. d5 Bg7 8. Nf3
Qb6 9. Qc1 Nh5 10. Nd1 g5 11. fxg5 Ne5 12. gxh6 Qb4+ 13. Nc3 Bxh6 14. Bg5 Nxf3+
15. gxf3 Bxg5 16. Qxg5 Qxb2 17. Kd2 Qb4 18. Qe3 a6 19. Rb1 Qa5 20. e5 dxe5 21.
Qxe5 Nf6 22. d6 Qd8 23. Nd5 Qa5+ 24. Kd1 Nxd5 25. Qxh8+ Kd7 26. Rb3 Kxd6 27.
Bc4 Be6 28. Qxa8 Nc3+ 29. Kd2 Nb5+ 30. Kc1 Bxc4 31. Rd1+ Ke6 32. Re3+ Kf6 33.
Qh8+ 1-0

[Event "World op 23rd"]
[Site "Philadelphia"]
[Date "1995.??.??"]
[Round "5"]
[White "Karklins, Andrew"]
[Black "Svidler, Peter"]
[Result "1-0"]
[WhiteElo "2325"]
[BlackElo "2635"]
[PlyCount "61"]
[EventDate "1995.06.??"]
[EventType "swiss"]
[EventRounds "9"]
[EventCountry "USA"]
[SourceTitle "EXT 2000"]
[Source "ChessBase"]
[SourceDate "1999.11.16"]
[SourceVersion "1"]
[SourceVersionDate "1999.11.16"]
[SourceQuality "1"]

1. e4 c5 2. Nf3 d6 3. d4 cxd4 4. Nxd4 Nf6 5. Nc3 a6 6. Qf3 e6 7. b3 Qb6 8. Nde2
Qc7 9. Bb2 b5 10. a3 Bb7 11. g4 d5 12. exd5 Nxd5 13. Bg2 Nd7 14. O-O Bd6 15.
Qh3 Nxc3 16. Nxc3 Be5 17. Bxb7 Qxb7 18. Rad1 O-O 19. Qe3 Bb8 20. Ne4 Ne5 21.
Bxe5 Bxe5 22. Nc5 Qc7 23. f4 Bf6 24. Rd7 Qb6 25. Rfd1 Rfd8 26. b4 a5 27. Qf3
axb4 28. axb4 Kf8 29. Kg2 Rdc8 30. R1d6 Qb8 31. Qd3 1-0

[Event "World op 23rd"]
[Site "Philadelphia"]
[Date "1995.??.??"]
[Round "8"]
[White "Svidler, Peter"]
[Black "Hook, William"]
[Result "1-0"]
[WhiteElo "2585"]
[BlackElo "2155"]
[PlyCount "85"]
[EventDate "1995.06.??"]
[EventType "swiss"]
[EventRounds "9"]
[EventCountry "USA"]
[SourceTitle "EXT 2000"]
[Source "ChessBase"]
[SourceDate "1999.11.16"]
[SourceVersion "1"]
[SourceVersionDate "1999.11.16"]
[SourceQuality "1"]

1. e4 e6 2. d4 d5 3. Nd2 Nf6 4. e5 Ng8 5. c3 Qd7 6. Bd3 b6 7. Ne2 Ba6 8. Bxa6
Nxa6 9. Nf4 c5 10. O-O g6 11. Nf3 Ne7 12. Qe2 Qb7 13. c4 dxc4 14. Qxc4 b5 15.
Qe2 cxd4 16. Nxd4 Nc7 17. Bd2 Rd8 18. Nf3 Ned5 19. Nd3 h6 20. Rfc1 Be7 21. Nc5
Qb6 22. Ne4 a5 23. Rc2 Nb4 24. Bxb4 Bxb4 25. Rac1 Nd5 26. Rc6 Qb8 27. g3 Be7
28. a3 O-O 29. Qd2 Kg7 30. Qxa5 b4 31. axb4 Bxb4 32. Qa6 g5 33. Qe2 g4 34. Nd4
h5 35. R6c4 Rd7 36. Nc6 Qb6 37. Nf6 Rc7 38. Nxh5+ Kh6 39. Qxg4 f5 40. exf6 Nxf6
41. Nxf6 Rxf6 42. Qh4+ Kg7 43. Rg4+ 1-0

[Event "Novosibirsk"]
[Site "Novosibirsk"]
[Date "1995.??.??"]
[Round "7"]
[White "Rublevsky, Sergei"]
[Black "Svidler, Peter"]
[Result "1/2-1/2"]
[WhiteElo "2595"]
[BlackElo "2635"]
[Annotator "Svidler,P"]
[PlyCount "50"]
[EventDate "1995.10.??"]
[EventType "tourn"]
[EventRounds "11"]
[EventCountry "RUS"]
[EventCategory "15"]
[SourceTitle "CBM 050"]
[Source "ChessBase"]
[SourceDate "1996.02.01"]
[SourceVersion "1"]
[SourceVersionDate "1996.02.01"]
[SourceQuality "1"]

1. e4 c5 2. Nf3 Nc6 3. d4 cxd4 4. Nxd4 Nf6 5. Nc3 d6 6. Bc4 Qb6 7. Nb3 e6 8.
Bf4 Ne5 9. Be2 Bd7 10. O-O (10. Be3 Qc7 11. Nb5 Bxb5 (11... Qb8 12. f4 Neg4 (
12... Ng6 13. f5 exf5 14. exf5 Ne5 15. Qd4 a6 16. Nc3 Bxf5 17. O-O Be6 18. Rxf6
gxf6 19. Nd5 Qd8 20. Rd1 Be7 21. Qh4 $36) 13. Bxg4 Bxb5 14. Bf3 e5 15. a4 Bc6
16. Qd3 Be7 17. c4 O-O (17... exf4 18. Bxf4 Nd7 $13) 18. f5 a6 19. O-O b6 20.
Nd2 $14 {Lastin,A-Dragomarezkij,E/Moscow/1995/1:0/55/}) 12. Bxb5+ Nc6 13. Bd3 (
13. Nd2 d5 14. exd5 Nxd5 15. Qf3 Be7 16. Bxc6+ Qxc6 17. c4 Nb4 18. Qxc6+ Nxc6
19. Ke2 O-O-O 20. Kf3 {Sokolov,A-Belikov,V/Elista RUS-ch/1995/0,5/20/}) 13...
Be7 14. O-O O-O 15. f4 Nb4 16. Nd4 Rfe8 17. Qf3 Nxd3 18. cxd3 Qa5 19. a3 Qa6
20. Rad1 Bd8 21. g4 Nd7 22. Kh1 Bb6 23. Nc2 Bxe3 24. Qxe3 Qb6 25. Qxb6 Nxb6 $15
) 10... Be7 11. a4 (11. Be3 Qc7 12. Nd2 O-O 13. f4 Ng6 14. a4 b6 15. Bd3 Bc6
16. Qe2 Rfe8 17. Nb3 a6 18. Rae1 Bb7 19. Qf2 Nd7 20. Qf3 Bf6 21. Bd2 Nc5 22.
Qh3 {Rublevsky,S-Makarov,M/Novosibirsk/1995/0,5/22/}) 11... O-O (11... a6 12.
a5 Qc7 13. Nd2 O-O 14. Be3 Bc6 15. f4 Ned7 16. Bf3 e5 17. f5 b5 18. axb6 Nxb6
19. Kh1 $10) 12. a5 Qc7 13. Qd4 Bc6 (13... a6 $5 14. Bg3 Bc6 15. f4 Ned7 16. e5
$13) 14. a6 b6 15. Qe3 $1 Ng6 (15... Neg4 16. Qd2 (16. Qg3 Ne5 17. Qe3 Neg4 $10
) 16... Ne5 17. f3 Ng6 18. Bg3 Nh5 19. Bf2 Nhf4 20. Nd4 d5 21. Nxc6 Qxc6 22.
Bb5 $16) 16. Bg3 e5 17. Rad1 Rad8 18. f4 exf4 19. Bxf4 Nxf4 20. Qxf4 b5 $1 21.
Bxb5 (21. Nxb5 Bxb5 22. Bxb5 Qxc2 23. Nd4 Qxb2 $13) (21. Nd4 b4 22. Nd5 Nxd5
23. exd5 Bxd5 24. Bf3 Bxf3 25. Qxf3 Qb6 26. Qc6 (26. Qb7 Qxb7 27. axb7 Rb8 $17)
) 21... Nxe4 $1 22. Nd5 Bxd5 23. Rxd5 Qb6+ 24. Kh1 Nf6 25. Rf5 $1 d5 (25... g6
26. Nd4 $18 gxf5 27. Nxf5 Kh8 28. Nxe7) (25... d5 26. Bd3 Rfe8 27. Qd4 Qc7 28.
Qf4 $10) 1/2-1/2

[Event "Novosibirsk"]
[Site "Novosibirsk"]
[Date "1995.??.??"]
[Round "9"]
[White "Vyzmanavin, Alexey"]
[Black "Svidler, Peter"]
[Result "0-1"]
[WhiteElo "2605"]
[BlackElo "2635"]
[Annotator "Ftacnik,L"]
[PlyCount "82"]
[EventDate "1995.10.??"]
[EventType "tourn"]
[EventRounds "11"]
[EventCountry "RUS"]
[EventCategory "15"]
[SourceTitle "CBM 050"]
[Source "ChessBase"]
[SourceDate "1996.02.01"]
[SourceVersion "1"]
[SourceVersionDate "1996.02.01"]
[SourceQuality "1"]

1. d4 {Chekhov} Nf6 2. c4 g6 3. Nc3 d5 4. cxd5 Nxd5 5. e4 Nxc3 6. bxc3 Bg7 7.
Be3 c5 8. Qd2 cxd4 9. cxd4 Nc6 10. Bb5 (10. Rd1 {Chekhov} Qa5 11. Qxa5 Nxa5 12.
Nf3 O-O 13. Be2 Bd7 14. Bd2 b6 15. O-O Rfc8 16. Rc1 Rxc1 17. Rxc1 Rc8 $10 {
Sorokin,M-Dvoirys,S/Ljubljana/1992/0,5/51/}) 10... O-O (10... Bd7 11. Ne2 a6
12. Bd3 O-O 13. Rc1 Rc8 14. O-O Qa5 15. Qxa5 Nxa5 16. d5 b5 {1/2-1/2/
Vyzmanavin,A-Alterman,B/Pardubice (01)/1993/ Vyzmanavin,A-Alterman,B/Pardubice/
1993/0,5/16/}) 11. Ne2 Qa5 (11... Bd7 12. Rb1 a6 13. Bd3 Be8 14. e5 b5 15. O-O
Bd7 16. h4 Qa5 17. Rfc1 Rfc8 $4 {1-0/Kuzmin,A-Tseitlin,MS/Berliner Sommer/1991/
} 18. Rxc6 $1 Qxd2 19. Rxc8+ Rxc8 20. Bxd2 $18) 12. Qxa5 (12. Bxc6 Qxd2+ 13.
Kxd2 bxc6 14. Rhc1 Rd8 $132) 12... Nxa5 13. Rc1 a6 (13... f5 14. Bd2 b6 15. Rc7
$14) 14. Bd3 Nc6 15. Bb1 {/N/} (15. d5 Ne5 16. Bb1 f5 $132 (16... b5 {Chekhov}
17. O-O e6 18. Rfd1 exd5 19. exd5 Nc4 20. Bc5 Re8 $132 {Vyzmanavin,A-Dvoirys,S/
Cheliabinsk/1991/0|1/46/})) 15... Bd7 16. d5 Ne5 17. f4 (17. O-O {Chekhov} Bb5
$1 $36) 17... Ng4 18. Bc5 (18. Rc7 $5 Nxe3 19. Rxd7 e5 20. dxe6 fxe6 21. Kf2
$16) 18... Rfe8 19. e5 {Such a center should normally do for a solid advantage.
The trouble here is unfinished development for white so black gets a room for
countermeasures.} (19. h3 Nf6 20. g4 h6 $14) 19... e6 20. d6 (20. dxe6 $5 {
Chekhov} Bxe6 21. h3 Nh6 22. O-O) 20... f6 $1 21. Be4 (21. exf6 {Chekhov} Nxf6
22. O-O Rac8 $13) 21... fxe5 22. Bxb7 Rab8 23. Bf3 (23. Bxa6 exf4 24. h3 (24.
Nxf4 Bh6 $1 25. O-O e5 $15) 24... Ne5 25. Nxf4 Ra8 26. Be2 Rxa2 $10) 23... Nh6
24. O-O (24. fxe5 Bxe5 25. O-O Nf7 26. Rfd1 Rec8 $132) 24... Nf7 {The defender
have improved his piece efficiency, even his knight have landed on a near
ideal square f7.} 25. Rfd1 (25. fxe5 Bxe5 26. Rfd1) 25... exf4 26. Nxf4 Rec8
27. Bg4 $2 {Vyzhmanavin lives under the impression, that he must play for win.
The grounds for this ambition are gone and he should have concentrated on
keeping the balance.} (27. Ba7 Rxc1 28. Rxc1 Rc8 29. Rc7 Rxc7 30. dxc7 Be5 31.
Bb8 Bxf4 32. c8=Q+ Bxc8 33. Bxf4 $15) (27. Be2 $2 Bb2 $1) (27. Ba3 $5) 27...
Bb2 28. Rc2 (28. Rc4 Ne5 $19) 28... Ba4 $1 29. d7 (29. Rxb2 Rxb2 30. Rc1 (30.
d7 Bxd7 31. Rxd7 Rxc5 $22 32. Bxe6 Rc1+ $19) 30... Bd7 $19) 29... Bxc2 $1 (
29... Rd8 30. Rcd2 Bc3 31. Bxe6 $15) 30. dxc8=Q+ Rxc8 31. Bxe6 Rxc5 (31... Bxd1
$2 32. Bxc8 $14) 32. Rd7 Rf5 $1 {It was even possible to miss this tidy move,
that cements black's advantage. The bishop pair is not a pleasant enemy even
for the rook.} 33. Bxf5 Bxf5 34. Rb7 Bd4+ 35. Kf1 (35. Kh1 Nd6 36. Re7 g5 37.
Nd5 Kf8 $19) 35... g5 36. Nd5 Be6 37. Nb4 Ne5 38. a4 (38. Nxa6 $2 Bc4+ 39. Ke1
Bxa6 $19) 38... Bc5 39. Nc2 (39. g3 Bc4+ 40. Kg2 g4 $17) 39... Bc4+ 40. Ke1 Bd5
41. Rc7 $6 (41. Rb8+ Kf7 42. Kf1 $19) 41... Bxg2 $1 (41... Bxg2 $1 42. Rxc5
Nd3+ $19) 0-1